Využitie CAx technológií v podmienkach podniku TOMRA Collection Slovakia s. r. o.
Gespeichert in:
| 1. Verfasser: | |
|---|---|
| Weitere Verfasser: | |
| Format: | Manuskript Buch |
| Sprache: | Slowakisch |
| Veröffentlicht: |
2025
|
| Schlagworte: | |
| Online-Zugang: | http://is.stuba.sk/zp/portal_zp.pl?podrobnosti=183982 |
| Tags: |
Keine Tags, Fügen Sie das erste Tag hinzu!
|
MARC
| LEADER | 00000ntm a22000003a 4500 | ||
|---|---|---|---|
| 001 | stuzp103893 | ||
| 003 | SK-STU | ||
| 005 | 20250614212328.4 | ||
| 007 | ta | ||
| 008 | 150427s2015----xo-----f-mn---000-0-slo-d | ||
| 040 | |a STU |b slo | ||
| 041 | 0 | |a slo | |
| 100 | 1 | |a Sandakov, Viktor |u 063000 |4 aut |U MTF Materiálovotechnologická fakulta |T MTF Ústav výrobných technológií |X 127796 |U M3000 |Y 83 |7 127796 | |
| 242 | 0 | 1 | |a Use of CAx technologies in the conditions of a production company TOMRA Collection Slovakia s. r. o. |y eng |
| 245 | 1 | 0 | |a Využitie CAx technológií v podmienkach podniku TOMRA Collection Slovakia s. r. o. |
| 260 | |c 2025 | ||
| 650 | 4 | |a Advantages |2 eng | |
| 650 | 4 | |a Software |2 eng | |
| 650 | 4 | |a CNC Programs |2 eng | |
| 650 | 4 | |a Automation methods |2 eng | |
| 650 | 4 | |a výhody |2 slo | |
| 650 | 4 | |a softvér |2 slo | |
| 650 | 4 | |a CNC programy |2 slo | |
| 650 | 4 | |a metódy automatizácie |2 slo | |
| 700 | 1 | |a Peterka, Jozef |u 063200 |k Z1 |4 ths |U MTF Ústav výrobných technológií |T MTF Katedra obrábania a počítačovej podpory technológií |X 278 |U M3200 |Y 164 |7 A000000278 | |
| 856 | 4 | |u http://is.stuba.sk/zp/portal_zp.pl?podrobnosti=183982 | |
| 996 | |c M* DP-15636 |l MMSKP |s P |a 0 |w stuzp103893_0001 | ||